Central Library OPAC University of Rajshahi

La Suisse pendant la deuxième guerre mondiale : (Record no. 67735)

MARC details
000 -LEADER
fixed length control field 00985nam a2200301 a 4500
001 - CONTROL NUMBER
control field 67735
003 - CONTROL NUMBER IDENTIFIER
rucl marc code BD-RjUL
005 - DATE AND TIME OF LATEST TRANSACTION
control field 20211209081704.0
008 - FIXED-LENGTH DATA ELEMENTS--GENERAL INFORMATION
fixed length control field 170328s2000 sz ab b 000 0 ger d
020 ## - INTERNATIONAL STANDARD BOOK NUMBER
International Standard Book Number 3907622367
035 ## - SYSTEM CONTROL NUMBER
System control number (BD-RjUL)67944
040 ## - CATALOGING SOURCE
Original cataloging agency ESU
Transcribing agency ESU
Modifying agency BD-RjUL
Language of cataloging eng
041 1# - LANGUAGE CODE
Language code of text/sound track or separate title eng
Language code of original fre
082 ## - DEWEY DECIMAL CLASSIFICATION NUMBER
Edition number 23
Classification number 949.4072
Author mark and year KRL 2000
100 1# - MAIN ENTRY--PERSONAL NAME
Personal name Kreis, Georg.
9 (RLIN) 200815
245 10 - TITLE STATEMENT
Title La Suisse pendant la deuxième guerre mondiale :
Remainder of title ses réponses aux défis de lé̓poque /
Statement of responsibility, etc. Georg Kreis.
250 ## - EDITION STATEMENT
Edition statement 1st ed.
260 ## - PUBLICATION, DISTRIBUTION, ETC. (IMPRINT)
Place of publication, distribution, etc. Zurich :
Name of publisher, distributor, etc. Pro Helvetia,
Date of publication, distribution, etc. c2000.
300 ## - PHYSICAL DESCRIPTION
Pagination 150 p. :
Illustrations ill. ;
Size 21 cm.
504 ## - BIBLIOGRAPHY, ETC. NOTE
Bibliography, etc Includes bibliographic.
650 #0 - SUBJECT ADDED ENTRY--TOPICAL TERM
Topical term or geographic name as entry element World War, 1939-1945
Geographic subdivision Switzerland.
9 (RLIN) 200816
Topical term or geographic name as entry element Neutrality
Geographic subdivision Switzerland
General subdivision History
Chronological subdivision 20th century.
9 (RLIN) 200817
Topical term or geographic name as entry element Refugees
Geographic subdivision Switzerland.
9 (RLIN) 200818
651 #0 - SUBJECT ADDED ENTRY--GEOGRAPHIC NAME
Geographic name Switzerland
General subdivision Economic policy.
9 (RLIN) 200819
942 ## - ADDED ENTRY ELEMENTS (KOHA)
Source of classification or shelving scheme Dewey Decimal Classification
Koha item type Books
Holdings
Lost status Source of classification or shelving scheme Damaged status Not for loan Collection code Permanent Location Current Location Shelving location Date acquired Source of acquisition Total Checkouts Full call number Date last seen Copy number Koha item type
  Dewey Decimal Classification   Not For Loan Non-fiction Central Library, University of Rajshahi Central Library, University of Rajshahi Reading Room 19/07/2007 Gift   949.4072 KRL 2000 28/03/2017 C-1 Books